La premeditación

Saved in:
Bibliografiske detaljer
Hovedforfatter: Camargo Hernández, César (Author)
Format: Bog
Sprog:spansk
Udgivet: Barcelona Bosch 1958
Fag:
Tags: Tilføj Tag
Ingen Tags, Vær først til at tagge denne postø!

MARC

LEADER 00000nam a2200000 a 4500
001 UCS0204
003 CL-VaPUC
008 970418e19580000SP |||||||||||||||||spa|d
082 0 4 |a 345.04  |b CAM  |2 21 
100 0 |a Camargo Hernández, César  |e author  |9 383401 
245 1 3 |a La premeditación 
300 |a 187 p 
942 |c BK 
945 |d 19970418 00:00:00  |a paguirre 
260 |a Barcelona  |b Bosch  |c 1958 
650 7 |a PREMEDITACION  |2 CL-VaPUC  |9 383402 
650 7 |a DERECHO PENAL  |2 CL-VaPUC  |9 11 
650 0 |a Delitos  |9 224143 
650 7 |a LEGISLACION  |2 CL-VaPUC  |9 383403 
650 7 |a PSICOLOGIA CRIMINAL  |2 CL-VaPUC  |9 256274 
650 0 |a Alevosía  |9 383404 
583 |a last modification  |c 19970418 00:00:00  |k Rodrigo Vera 
999 |c 258445  |d 258443 
952 |0 0  |1 0  |4 0  |6 345_040000000000000_CAM_1958  |7 0  |8 A  |9 282548  |a BIBDER  |b BIBDER  |d 2019-11-19  |i 1831844  |o 345.04 CAM 1958  |p 1831844  |r 2023-01-25  |w 2019-11-19  |y BK  |k DER